Preparation and evaluation of deproteinized natural rubber (Record no. 74367)

MARC details
000 -LEADER
fixed length control field 00510nam a2200157Ia 4500
100 ## - MAIN ENTRY--AUTHOR NAME
Personal name KrishnaPriya, V.U.
245 #0 - TITLE STATEMENT
Title Preparation and evaluation of deproteinized natural rubber
260 ## - PUBLICATION, DISTRIBUTION, ETC. (IMPRINT)
Name of publisher Cochin University of Science and Technology
Place of publication Kochi
Year of publication 2016
300 ## - PHYSICAL DESCRIPTION
Number of Pages 75
500 ## - GENERAL NOTE
General note Copy not available. Details from RT Dvn
500 ## - GENERAL NOTE
General note Course: MSC Biopol
700 ## - ADDED ENTRY--PERSONAL NAME
Personal name Dr Manoj Kurian Jacob
850 ## - HOLDING INSTITUTION
Holding institution Rubber Research Institute of India
942 ## - ADDED ENTRY ELEMENTS (KOHA)
Koha item type Theses
Holdings
Withdrawn status Lost status Damaged status Not for loan Collection code Home library Current library Shelving location Date acquired Koha item type
      Theses Dissertation RRII Library RRII Library Biopolymer science 31/12/2021 Theses